000 01013nam a22002417a 4500
999 _c8787
_d8787
003 AR-CdUCM
008 190326b ||||| |||| 00| 0 spa d
040 _aMUNICIPALIDAD PROVINCIAL DEL CUSCO
_cBIBLIOTECA MUNICIPAL DEL CUSCO
041 _heng
082 _25ed.
_a947.084 /
_bJ67
100 _aJohnson, Hewlett
_924510
245 _aEl poder soviético, la sexta parte socialista del mundo /
260 _aBuenos Aires :
_bClaridad,
_c1943.
300 _a380 páginas ;
_c21 cm.
500 _aDonación de la familia Nieto.
505 _aContenido: Justificación y disculpa: Digresión y autobiografía -- El soviet bosqueja la nueva saciedad -- La sexta parte socialista del mundo -- El mayor bienestar para el mayor número -- El plan de los pueblos ...
650 _aComunismo - Rusia
_924511
650 _aCondiciones sociales - Rusia
_924512
650 _aCondiciones económicas - Rusia
_924513
650 _aEuropa y Rusia - Historia - Comunismo
_924514
942 _2ddc
_cLIBROS
945 _alccs